| 000 | 00486nam a22001577a 4500 | ||
|---|---|---|---|
| 003 | NUST | ||
| 038 | _aSaba | ||
| 082 |
_a004 _bMCS |
||
| 100 |
_aJaved, Rakhshenda _935050 |
||
| 245 |
_aForward Looking Infrared Video Stabilization through Deformable Gaussian Mixture Model _cRakhshenda Javed |
||
| 260 |
_aIslamabad : _bMCS-NUST, _c2013. |
||
| 300 | _a64p. | ||
| 650 |
_aComputer Software Engineering - Infrared Vedio _935051 |
||
| 700 |
_aDr. Naveed Iqbal _935052 |
||
| 942 |
_2ddc _cTHE |
||
| 999 |
_c540826 _d540826 |
||